[Event "Bern op"]
[Site "Bern"]
[Date "1996.??.??"]
[Round "5"]
[White "Rufener, Markus"]
[Black "Petrosian, Karen"]
[Result "1/2-1/2"]
[WhiteElo "2060"]
[BlackElo "2375"]

1.d4 d5 2.c4 c6 3.Nf3 Nf6 4.Nc3 e6 5.e3 Nbd7 6.Bd3 Bd6 7.O-O O-O 8.e4 dxc4
9.Bxc4 e5 10.d5 Qe7 11.Qe2 Nb6 12.dxc6 bxc6 13.Bb3 a5 14.Rd1 a4 15.Bc2 Bc5
16.Be3 Bxe3 17.Qxe3 Nc4 18.Qc1 Bg4 19.Bxa4 Bxf3 20.gxf3 Nh5 21.Bb3 Na5 22.Ne2 Nxb3
23.axb3 Rxa1 24.Qxa1 Qg5+ 25.Kh1 Nf4 26.Nxf4 Qxf4 27.Rd3 f5 28.Qe1 Qh4 29.exf5 Qh3
30.Re3 Qxf5 31.Rxe5 Qxf3+ 32.Kg1 Qxb3 33.Re8 Qf7 34.Rxf8+ Kxf8 35.Qe5 g6
36.Qc5+ Kg7 37.Qxc6 Qf4 38.Qc3+ Kf7 39.h3 g5 40.Kg2 Kg6 41.b4 Qe4+ 42.Kh2 Qf4+
43.Kg1 Qe4 44.Qb3 Qe1+ 45.Kg2 Qe4+ 46.Kf1 Qh1+ 47.Ke2 Qe4+ 48.Kd1 Qd4+ 49.Kc1 Qxf2
50.b5 Qb6 51.Qc4  1/2-1/2

[Event "Bern op"]
[Site "Bern"]
[Date "1996.??.??"]
[Round "5"]
[White "Hamzabegovic, Mersudin"]
[Black "Teske, Henrik"]
[Result "0-1"]
[WhiteElo "2110"]
[BlackElo "2510"]

1.d4 Nf6 2.c4 e6 3.Nc3 d5 4.Nf3 c6 5.e3 Nbd7 6.Qc2 Bd6 7.Be2 O-O 8.O-O dxc4
9.Bxc4 Qe7 10.Rd1 e5 11.h3 e4 12.Ng5 Nb6 13.Bb3 Bf5 14.f3 Rae8 15.Bd2 Nbd5
16.Ncxe4 h6 17.Nxf6+ Qxf6 18.Ne4 Qg6 19.g4 Rxe4 20.fxe4 Bxe4 21.Qc1 Bh2+  0-1

[Event "Bern op"]
[Site "Bern"]
[Date "1996.??.??"]
[Round "8"]
[White "Tukmakov, Vladimir B"]
[Black "Teske, Henrik"]
[Result "1/2-1/2"]
[WhiteElo "2595"]
[BlackElo "2510"]

1.d4 d5 2.c4 c6 3.Nf3 Nf6 4.Nc3 e6 5.e3 Nbd7 6.Qc2 Bd6 7.Be2 O-O 8.O-O Qe7
9.b3 b6 10.e4 Nxe4 11.Nxe4 dxe4 12.Qxe4 Bb7 13.Bf4 Rfd8 14.Bxd6 Qxd6 15.Rfd1 Nf6
16.Qe5 Qxe5 17.Nxe5 Nd7 18.Bf3 Nxe5 19.dxe5 Kf8 20.b4 Ke7 21.c5 f6 22.b5 Rac8
23.cxb6 Rxd1+ 24.Rxd1 axb6 25.exf6+ gxf6 26.Rb1 Rc7 27.bxc6 Bxc6 28.Rxb6 Bd5
29.h4 Bxa2  1/2-1/2

[Event "Bern op"]
[Site "Bern"]
[Date "1996.??.??"]
[Round "9"]
[White "Cruceli, Salvatore"]
[Black "Petrosian, Karen"]
[Result "0-1"]
[WhiteElo "2110"]
[BlackElo "2375"]

1.d4 Nf6 2.c4 c6 3.Nc3 d5 4.Nf3 e6 5.e3 Nbd7 6.Bd3 Bd6 7.e4 dxc4 8.Bxc4 b5
9.Bd3 e5 10.d5 cxd5 11.exd5 a6 12.O-O h6 13.Re1 O-O 14.Nh4 Nc5 15.Bf5 e4
16.Bxe4 Nfxe4 17.Nxe4 Bxh2+ 18.Kxh2 Qxh4+ 19.Kg1 Nxe4 20.Qd4  0-1

[Event "Bern op"]
[Site "Bern"]
[Date "1996.??.??"]
[Round "9"]
[White "Schaefer, Michael"]
[Black "Sylvan, Jacob"]
[Result "1/2-1/2"]
[WhiteElo "2190"]
[BlackElo "2265"]

1.d4 d5 2.c4 e6 3.Nf3 c6 4.Nc3 Nf6 5.e3 Nbd7 6.Bd3 dxc4 7.Bxc4 b5 8.Bd3 Bb7
9.e4 b4 10.Na4 c5 11.e5 Nd5 12.Nxc5 Nxc5 13.dxc5 Bxc5 14.Bb5+ Kf8 15.O-O h6
16.Qe2 Qb6 17.Bd2 g6 18.a4 a5 19.Rac1 Kg7 20.Qe4 Be7 21.Qg4 Rac8 22.h4 h5
23.Qg3 Ba6 24.Bxa6 Qxa6 25.Bg5 Bxg5 26.Nxg5 Rxc1 27.Rxc1 Rc8 28.Rd1 Rc7 29.Qf3 Qc6
30.Kh2 Qc4 31.Ne4 Rc8 32.g3 Qc6 33.Ng5 Rc7 34.Rd4 Qc5 35.Rd2 Qc6 36.Rd4 Qc2
37.Rxd5 exd5 38.Qf6+ Kg8 39.Qd8+ Kg7 40.Qf6+ Kg8  1/2-1/2

[Event "Biel SKA"]
[Site "Biel"]
[Date "1996.??.??"]
[Round "6"]
[White "Karpov, Anatoly"]
[Black "Tukmakov, Vladimir B"]
[Result "1/2-1/2"]
[WhiteElo "2775"]
[BlackElo "2580"]

1.d4 d5 2.c4 c6 3.Nc3 Nf6 4.Nf3 e6 5.e3 Nbd7 6.Qc2 Bd6 7.Bd3 O-O 8.O-O dxc4
9.Bxc4 Qe7 10.Rd1 e5 11.Bb3 e4 12.Nd2 Re8 13.f3 exf3 14.Nxf3 Nf8 15.e4 Nxe4
16.Qxe4 Qxe4 17.Nxe4 Rxe4 18.Bxf7+ Kh8 19.Ng5 Re7 20.Rf1 Ne6 21.Bd2 Nxg5
22.Bxg5 Re4 23.Rae1 Bf5 24.Rxe4 Bxe4 25.Re1 Rf8 26.Rxe4 Rxf7 27.Re6 Bf8 28.Re8 h6
29.Be3 Kh7 30.d5 cxd5 31.Bxa7 Be7 32.Bd4 Bf6 33.Bxf6 Rxf6 34.Re5 d4 35.Rd5 Rc6
36.b3 Rc1+ 37.Kf2 Rc2+ 38.Kf3 Rxa2 39.Rxd4 Rc2 40.Rc4 Rd2 41.Rb4 Rd3+ 42.Ke2 Rd7
43.h4 h5 44.Rb5 g6 45.g3 Kh6 46.Ke3 Kg7 47.b4 Kf6 48.Ke4 Rc7 49.Rb6+ Rc6
50.Rxb7 Rc4+ 51.Kd5 Rc3 52.b5 Rxg3 53.Rb8 Rb3 54.Kc4 Rb1 55.Rf8+ Kg7 56.Rf4 g5
57.Rf5 gxh4 58.Rxh5 Rc1+ 59.Kd4 Rb1 60.Kc5 Rc1+ 61.Kd6 Rb1 62.Kc6 Rc1+ 63.Kb7 Rc4
64.b6 Kg6 65.Rh8 Kg5 66.Ka6 Rb4 67.b7 Kg4  1/2-1/2

[Event "Biel Credis"]
[Site "Biel"]
[Date "1996.??.??"]
[Round "11"]
[White "Landenbergue, Claude"]
[Black "Pelletier, Yannick"]
[Result "1/2-1/2"]
[WhiteElo "2410"]
[BlackElo "2440"]

1.c4 Nf6 2.Nc3 c6 3.d4 d5 4.Nf3 e6 5.e3 Nbd7 6.Be2 Be7 7.O-O O-O 8.b3 b6
9.Qc2 Bb7 10.Rd1 Qc7 11.Bb2 Rac8 12.Rac1 Rfe8 13.Bd3  1/2-1/2

[Event "SLO-chT"]
[Site "Bled"]
[Date "1996.??.??"]
[Round "2"]
[White "Guid, Matej"]
[Black "Kavcic, Uros"]
[Result "1/2-1/2"]
[WhiteElo "2155"]
[BlackElo "2075"]

1.d4 d5 2.c4 c6 3.Nc3 Nf6 4.e3 e6 5.Nf3 Bd6 6.Qc2 Nbd7 7.Bd3 O-O 8.O-O dxc4
9.Bxc4 e5 10.h3 Qe7 11.e4 exd4 12.Nxd4 Nb6 13.Bd3 Rd8 14.Nf5 Bxf5 15.exf5 Qe5
16.g3 Nh5 17.Ne4 Bc7 18.Be2 Rd4 19.Bxh5 Qxf5 20.Bxf7+ Qxf7 21.Ng5 Qh5 22.Be3 Rd5
23.Ne6 Qxh3 24.Ng5 Qh5 25.f4 Re8 26.Rae1 Bd8 27.Kg2 Bxg5 28.Rh1 Qg6 29.Qxg6 hxg6
30.fxg5 Rde5 31.Kf2 Nc4 32.Bxa7 Nxb2 33.Rxe5 Rxe5 34.Be3 Nd3+ 35.Kf3 Kf7
36.Rb1 b5 37.Rb3 Rd5 38.Rc3 Ne5+ 39.Ke4 Nc4 40.a4 Re5+ 41.Kf4 Rxe3 42.Rxc4 Ra3
43.axb5 cxb5 44.Rc7+ Ke6 45.g4 Ra4+ 46.Kf3  1/2-1/2

[Event "Bled op"]
[Site "Bled"]
[Date "1996.??.??"]
[Round "3"]
[White "Kozul, Zdenko"]
[Black "Wapner, Jonathan"]
[Result "1-0"]
[WhiteElo "2580"]
[BlackElo "2235"]

1.d4 d5 2.c4 c6 3.e3 Nf6 4.Nc3 e6 5.Nf3 Nbd7 6.Bd3 dxc4 7.Bxc4 b5 8.Bd3 a6
9.a4 b4 10.Ne4 Bb7 11.Nxf6+ Nxf6 12.O-O c5 13.Qe2 Be7 14.dxc5 O-O 15.e4 Nd7
16.c6 Bxc6 17.Be3 Bb7 18.Rac1 Qa5 19.Nd2 Ne5 20.Bc2 Rfc8 21.f4 Nd7 22.Nb3 Qc7
23.e5 Qd8 24.Nd4 Bc5 25.Rcd1 Bd5 26.f5 Bxd4 27.Rxd4 Nf8 28.Bb3 Qe8 29.Bxd5 exd5
30.Rg4 g6 31.Bd4 Rc4 32.b3 h5 33.Rgf4 Rc7 34.e6 fxe6 35.Qe5 Rh7 36.fxe6 Nxe6
37.Qxd5  1-0

[Event "Bled op"]
[Site "Bled"]
[Date "1996.??.??"]
[Round "4"]
[White "Gostisa, Leon"]
[Black "Pavasovic, Dusko"]
[Result "1/2-1/2"]
[WhiteElo "2425"]
[BlackElo "2425"]

1.d4 d5 2.c4 e6 3.Nc3 c6 4.e3 Nf6 5.Nf3 Nbd7 6.Be2 Bd6 7.O-O O-O 8.b3 Re8
9.Bb2 b6 10.Qc2 Bb7 11.Rad1 Qe7 12.e4 Nxe4 13.Nxe4 dxe4 14.Qxe4 Nf8 15.Qg4 Ng6
16.Ne5 Nh4 17.Nxf7 Kxf7 18.c5 Bxh2+ 19.Kxh2 Nf5 20.Rh1 h6 21.Kg1 Kg8 22.Bd3 Rad8
23.Re1 Qf6 24.Re5 Rd5 25.Rxd5 cxd5 26.b4 a5 27.Qf4 axb4 28.cxb6 Qd8 29.g4 Nd6
30.Rh5 Nc4 31.Bc1 Rf8 32.Qg3 Qf6 33.g5 Qf3  1/2-1/2

[Event "Bled op"]
[Site "Bled"]
[Date "1996.??.??"]
[Round "6"]
[White "Jelen, Igor"]
[Black "Novikov, Igor A"]
[Result "0-1"]
[WhiteElo "2400"]
[BlackElo "2590"]

1.d4 d5 2.c4 e6 3.Nc3 c6 4.e3 Nf6 5.Nf3 Nbd7 6.Bd3 dxc4 7.Bxc4 b5 8.Bd3 Bb7
9.O-O b4 10.Ne4 Be7 11.Nxf6+ Nxf6 12.e4 O-O 13.Qe2 c5 14.dxc5 Rc8 15.Rd1 Qc7
16.c6 Bxc6 17.Nd4 Bb7 18.Nb3 Bd6 19.g3 Nd7 20.Be3 Ne5 21.Rac1 Qb8 22.Bb1 Rxc1
23.Rxc1 Rc8 24.f4 Rxc1+ 25.Bxc1 Nd7 26.e5 Bc7 27.Be4 Bb6+ 28.Kg2 Nxe5 29.Kh3 Ng6
30.Bd2 Bxe4 31.Qxe4 a5 32.a3 Qd8 33.Be3 Bxe3 34.Qxe3 Qd5 35.axb4 axb4 36.Nd4 Ne7
37.Nf3 h6 38.Ne5 Nc6 39.Nxc6 Qxc6 40.Qd4 Qb5 41.b3 Qf1+ 42.Kh4 Qg2 43.Qxb4 Qxh2+
44.Kg4 Qg2 45.Qb8+ Kh7 46.f5 Qf1  0-1

[Event "Bled op"]
[Site "Bled"]
[Date "1996.??.??"]
[Round "6"]
[White "Osterman, Rudolf"]
[Black "Pavasovic, Dusko"]
[Result "1/2-1/2"]
[WhiteElo "2405"]
[BlackElo "2425"]

1.d4 d5 2.c4 e6 3.Nf3 c6 4.e3 Nf6 5.Nc3 Nbd7 6.Qc2 Bd6 7.Be2 O-O 8.O-O Re8
9.Bd2 b6 10.e4 Nxe4 11.Nxe4 dxe4 12.Qxe4 Bb7 13.Bg5 Qc7 14.Rad1 h6 15.Be3 e5
16.dxe5 Nxe5 17.Qh4 Ng6 18.Qd4 Rad8 19.Qc3 c5 20.h3 Bf4 21.Rxd8 Qxd8 22.Re1 Bxe3
23.fxe3 Qe7 24.Bd1 Rd8 25.Be2 Re8 26.Bd1 Qd6 27.Qd2 Qxd2 28.Nxd2 Nf4 29.Nf3 Nd3
30.Re2 Nc1 31.Rd2 Nxa2 32.Rd7 Bxf3 33.Bxf3 Nb4 34.Rxa7 Rxe3 35.Rb7 Re6 36.Rd7 Re1+
37.Kf2 Rc1 38.Kg3 Rxc4 39.Rb7 Nd3 40.Bd5 Rb4 41.Bxf7+ Kf8 42.b3 g5 43.Be6 Nc1
44.Rf7+ Ke8 45.Rf3 Ne2+ 46.Kf2 Nd4 47.Re3 Nxe6 48.Rxe6+ Kf7 49.Re3 Kf6 50.g4 Rd4
51.Ke2 b5 52.Re8 Rb4 53.Rc8 Ke5 54.Rxc5+ Kd4 55.Rc6 Rxb3 56.Rxh6 Kc4 57.Rg6 Rxh3
58.Rxg5 b4 59.Kd2 Kb3 60.Rg8 Ka2 61.g5 Ra3 62.g6 b3 63.Rb8 Ra7 64.Kc3 Rc7+
65.Kd4 b2 66.Ke5 b1=Q 67.Rxb1  1/2-1/2

[Event "Bled op"]
[Site "Bled"]
[Date "1996.??.??"]
[Round "6"]
[White "Tukmakov, Vladimir B"]
[Black "Glavan, Slavenko"]
[Result "1-0"]
[WhiteElo "2595"]
[BlackElo "2210"]

1.d4 Nf6 2.Nf3 d5 3.c4 c6 4.Nc3 e6 5.e3 Be7 6.Qc2 Nbd7 7.Be2 a6 8.e4 dxe4
9.Nxe4 Nxe4 10.Qxe4 Bb4+ 11.Bd2 Bxd2+ 12.Nxd2 Qb6 13.O-O-O Nf6 14.Qe5 a5
15.g4 O-O 16.g5 Nd7 17.Qd6 e5 18.Ne4 Re8 19.c5 Qb4 20.a3 Qa4 21.Nc3 Qb3 22.dxe5 Nf8
23.Bd3 Bg4 24.Bc2 Qe6 25.Rd4 Bf3 26.Re1 Rad8 27.Qxe6 Nxe6 28.Rxd8 Rxd8 29.Re3 Bd5
30.b4 axb4 31.axb4 Nxg5 32.f4 Ne6 33.f5 Nc7 34.Kb2 Kf8 35.Bd3 Ra8 36.h4 g6
37.h5 gxf5 38.Bxf5 h6 39.Bc2 Ke7 40.Rg3 Be6 41.Ne4 Ra2+ 42.Kc1 Ra1+ 43.Kd2 Rh1
44.Nf6 Nd5 45.Ng8+ Kd7 46.Bd1 Nxb4 47.Nxh6 Rh2+ 48.Ke1 Bc4 49.Ng4 Rh4 50.Kd2 Be6
51.Nf6+ Kc7 52.Bg4 Rh2+ 53.Ke3 Nd5+ 54.Kf3 b5 55.cxb6+ Kxb6 56.Bxe6 fxe6
57.Kg4 Ne7 58.Rh3 Rxh3 59.Kxh3 Nf5 60.Kg4 c5 61.Kg5 Kc6 62.Ne4 c4 63.Kf6 Kd5
64.Nc3+ Kd4 65.Kxe6 Ng7+ 66.Kf7 Nxh5 67.e6 Ng3 68.e7 Nf5  1-0

[Event "Bled op"]
[Site "Bled"]
[Date "1996.??.??"]
[Round "8"]
[White "Stojnic, Miodrag"]
[Black "Zorman, Vojko"]
[Result "0-1"]
[WhiteElo "2090"]
[BlackElo "2335"]

1.d4 d5 2.c4 c6 3.Nc3 Nf6 4.e3 e6 5.Nf3 Ne4 6.Ne5 Bb4 7.Bd2 Nxd2 8.Qxd2 Nd7
9.Nd3 Ba5 10.c5 O-O 11.Be2 Bc7 12.O-O e5 13.f4 f6 14.b4 g5 15.Bg4 e4 16.Nc1 f5
17.Bd1 gxf4 18.exf4 Rf7 19.a4 Rg7 20.Nb3 Nf8 21.Rf2 Ne6 22.Ne2 Qe7 23.Qe3 Bd7
24.Kh1 Kh8 25.g3 Rag8 26.Bc2 Be8 27.Nc3 Qf6 28.b5 Qh6 29.Ne2 Bh5 30.Nbc1 Bf3+
31.Rxf3 exf3 32.Qxf3 Nxd4 33.Nxd4 Rxg3 34.Qf2 Rg1+ 35.Qxg1 Rxg1+ 36.Kxg1 Qg7+  0-1

[Event "EUCup Gr7"]
[Site "Bratislava"]
[Date "1996.??.??"]
[Round "1"]
[White "Chernin, Alexander"]
[Black "Savchenko, Stanislav"]
[Result "1-0"]
[WhiteElo "2620"]
[BlackElo "2580"]

1.d4 Nf6 2.c4 c6 3.Nc3 d5 4.e3 e6 5.Nf3 Nbd7 6.Qc2 Bd6 7.Bd3 O-O 8.O-O e5
9.cxd5 cxd5 10.e4 exd4 11.Nxd5 Nxd5 12.exd5 h6 13.Nxd4 Qh4 14.Nf3 Qh5 15.Bh7+ Kh8
16.Qf5 Qxf5 17.Bxf5 Nf6 18.Bc2 Bg4 19.Bb3 Bxf3 20.gxf3 Nd7 21.f4 Rfe8 22.Kg2 Nf8
23.f5 Re4 24.Bd2 Nd7 25.Rae1 Rd4 26.Be3 Rb4 27.Rd1 Kg8 28.Rd4 Rxd4 29.Bxd4 Kf8
30.Rc1 Nf6 31.h3 b6 32.Kf3 Nd7 33.Ba4 Ne5+ 34.Ke4 f6 35.f4 Nf7 36.Bd7 Rd8
37.Be6 Bb8 38.a4 Nd6+ 39.Kf3 Nb7 40.b4 Bd6 41.Bc8 Bc5 42.Bxc5+ Nxc5 43.bxc5 Rxc8
44.c6 Ke7 45.Ke4 Kd6 46.Kd4 Re8 47.Rc3  1-0

[Event "EUCup Gr7"]
[Site "Bratislava"]
[Date "1996.??.??"]
[Round "1"]
[White "Tibensky, Robert"]
[Black "Sveshnikov, Evgeny"]
[Result "1/2-1/2"]
[WhiteElo "2440"]
[BlackElo "2535"]

1.d4 d5 2.c4 e6 3.Nf3 Nf6 4.Nc3 c6 5.e3 Nbd7 6.Qc2 Bd6 7.Be2 O-O 8.O-O Re8
9.Rd1 Qe7 10.a3 h6 11.h3 dxc4 12.Bxc4 e5 13.Nh4 Nf8 14.dxe5 Bxe5 15.Nf3 Bxc3
16.Qxc3 Ne4 17.Qc2 Bf5 18.Nd4 Bg6 19.f3 c5 20.Nb5 a6 21.Nc3 Nxc3 22.Qxc3 Rad8
23.Bd5 Nd7 24.e4 Nb6 25.Bf4 c4 26.Bxc4 Rxd1+ 27.Rxd1 Rc8 28.Bd6 Qd7 29.b3 Nxc4
30.bxc4 Qc6 31.c5 b6 32.Rc1 bxc5 33.Qxc5 Qxc5+ 34.Bxc5 f6 35.Kf2 h5 36.h4 Be8
37.Ke3 Ba4 38.Rc4 Bb5 39.Rc3 Kf7 40.f4 g6 41.e5 fxe5 42.fxe5 Ke6 43.Kd4 Rc7
44.Rg3 Be8 45.Bd6 Rc2 46.Bb4 Re2 47.Bd6 Rf2 48.Kc5 a5 49.Kb6 Rf4 50.Kc7 Rxh4
51.Kd8 Bb5 52.Rxg6+ Kd5 53.e6 Rg4 54.Rxg4 hxg4 55.Ke7 Bd3 56.Bc7 Bf5 57.Bxa5  1/2-1/2

[Event "Slovan op"]
[Site "Bratislava"]
[Date "1996.??.??"]
[Round "1"]
[White "Ulak, Slawomir"]
[Black "Maly, Alexey"]
[Result "1-0"]
[WhiteElo "2255"]
[BlackElo "2300"]

1.d4 d5 2.c4 c6 3.Nf3 Nf6 4.Nc3 e6 5.e3 Nbd7 6.Bd3 dxc4 7.Bxc4 b5 8.Be2 a6
9.O-O Bb7 10.e4 b4 11.e5 bxc3 12.exf6 Nxf6 13.bxc3 Bd6 14.Rb1 Qc7 15.c4 O-O
16.c5 Be7 17.Bf4 Qxf4 18.Rxb7 Nd5 19.g3 Qf6 20.Qc2 a5 21.Ne5 Nb4 22.Qe4 Rfc8
23.Bc4 Nd5 24.Re1 Qh6 25.Nxc6  1-0

[Event "Slovan op"]
[Site "Bratislava"]
[Date "1996.??.??"]
[Round "2"]
[White "Kebis, Milos"]
[Black "Blaho, Stefan"]
[Result "1/2-1/2"]
[WhiteElo "2160"]
[BlackElo "2160"]

1.c4 Nf6 2.Nf3 c6 3.Nc3 d5 4.d4 e6 5.e3 Nbd7 6.Bd3 dxc4 7.Bxc4 b5 8.Bd3 a6
9.O-O c5 10.Ne4 Bb7 11.Ng3 Be7 12.b3 O-O 13.Bb2 cxd4 14.exd4 Nb6 15.Re1 Nbd5
16.Nd2 Nb4 17.Bf1 Rc8 18.Re2 Nc2 19.Rc1 Nxd4 20.Re3 Qb6 21.Nc4 Nf3+ 22.gxf3 bxc4
23.Bd4 Qa5 24.Bxc4 Qg5 25.Re5 Qf4 26.Re3 Rfd8 27.Rd3 a5 28.Rcc3 Nd5 29.Bxd5 Bxd5
30.Rxc8 Rxc8 31.Kg2 Bd6 32.Bxg7 Qg5 33.Bc3 h5 34.Bd2 Qg6 35.Rd4 Rc2 36.Be3 Bc5
37.Rd3 Bxf3+ 38.Kxf3 Qg4+ 39.Kg2 Qxd1 40.Rxd1 Bxe3 41.Ne4 Rxa2 42.Kf3 Bb6
43.Rd6 Bc7 44.Rd7 Bxh2 45.Ng5 Ra3 46.Kg2 Bf4 47.Nxf7 Rxb3 48.Nd8  1/2-1/2

[Event "EUCup Gr7"]
[Site "Bratislava"]
[Date "1996.??.??"]
[Round "3"]
[White "Teske, Henrik"]
[Black "Komarov, Dimitri"]
[Result "1/2-1/2"]
[WhiteElo "2520"]
[BlackElo "2595"]

1.d4 d5 2.c4 c6 3.Nc3 Nf6 4.e3 e6 5.Nf3 Nbd7 6.Qc2 Bd6 7.Bd3 O-O 8.O-O Qe7
9.Bd2 dxc4 10.Bxc4 e5 11.Rae1 e4 12.Ng5 Bxh2+ 13.Kxh2 Ng4+ 14.Kg1 Qxg5 15.Qxe4 Nb6
16.Be2 Nd5 17.Nxd5  1/2-1/2

[Event "EUCup Gr7"]
[Site "Bratislava"]
[Date "1996.??.??"]
[Round "3"]
[White "Ftacnik, Lubomir"]
[Black "Chernin, Alexander"]
[Result "0-1"]
[WhiteElo "2610"]
[BlackElo "2620"]

1.Nf3 d5 2.d4 c6 3.c4 Nf6 4.Nc3 e6 5.e3 Nbd7 6.Qc2 Bd6 7.Be2 O-O 8.O-O dxc4
9.Bxc4 Qe7 10.a3 e5 11.h3 Bb8 12.Ba2 h6 13.Nh4 Rd8 14.Nf5 Qe8 15.f4 exd4
16.Nxd4 Nc5 17.b4 Nce4 18.Nxe4 Qxe4 19.Qxe4 Nxe4 20.Bb2 a6 21.Rad1 Ba7 22.g4 Bd7
23.Bb1 Nd6 24.Nc2 Be6 25.Bd4 b6 26.Ba1 c5 27.bxc5 bxc5 28.Bc3 Bb6 29.f5 Bb3
30.Rc1 Nb5 31.Be1 c4 32.Bf2 Bc5 33.e4 Be7 34.a4 Bxa4 35.Ne3 c3 36.Nd5 Bg5
37.Nxc3 Rac8 38.Nxa4 Rxc1 39.Rxc1 Bxc1 40.Nc5 Ba3 41.Bc2 Bxc5  0-1

[Event "Bratto op"]
[Site "Bratto"]
[Date "1996.??.??"]
[Round "5"]
[White "Belakovskaia, Anjelina"]
[Black "Lanzani, Mario"]
[Result "1/2-1/2"]
[WhiteElo "2315"]
[BlackElo "2320"]

1.c4 c6 2.d4 d5 3.Nc3 e6 4.e3 Nf6 5.Nf3 Nbd7 6.Qc2 Bd6 7.g4 h6 8.Bd2 a6 9.e4 e5
10.O-O-O Nxe4 11.Nxe4 dxe4 12.dxe5 Be7 13.Qxe4 Nc5 14.Qf4 g5 15.Qg3 Ne4 16.Qg2 Nxd2
17.Rxd2 Qa5 18.a3 Bd7 19.Bd3 O-O-O 20.Rhd1 Be6 21.Bf5 Bxa3 22.Bxe6+ fxe6
23.Rxd8+ Rxd8 24.Rxd8+ Kxd8 25.bxa3 Qxa3+ 26.Kc2 Qa2+ 27.Kc3 Qa3+ 28.Kc2 Qa2+  1/2-1/2

[Event "POL-ch (Women)"]
[Site "Brzeg Dolny"]
[Date "1996.??.??"]
[Round "6"]
[White "Guzkowska, Magdalena"]
[Black "Kaczorowska, Barbara"]
[Result "1/2-1/2"]
[WhiteElo "2235"]
[BlackElo "2200"]

1.d4 d5 2.c4 c6 3.Nf3 Nf6 4.Nc3 e6 5.e3 Nbd7 6.Qc2 Bd6 7.cxd5 exd5 8.Bd3 O-O
9.O-O Re8 10.Rb1 Qe7 11.a3 a5 12.Bd2 Ne4 13.b4 Ndf6 14.bxa5 Bxa3 15.Bxe4 dxe4
16.Ne5 Bd6 17.f4 exf3 18.Nxf3 Bc7 19.Ng5 h6 20.Rxf6 hxg5 21.Rff1 Rxa5 22.Na4 Ra6
23.Nc5 Rb6 24.Rbe1 Rb5 25.Rf2 Bg4 26.Qc4 Bd6 27.Nd3 Be6 28.Qc1 Qc7 29.g3 Bd5
30.Ree2 Be4 31.Qc4 Re6 32.Nc5 Bxc5 33.dxc5 Qe5 34.Bb4 Bd5 35.Qg4 Qa1+ 36.Re1 Qa4
37.Qf5 Re8 38.Bc3 Rxc5 39.Bd4 Rc4 40.Ra1 Rxd4 41.Rxa4 Rxa4 42.Qxg5 Ra1+ 43.Rf1 Rxf1+
44.Kxf1 b5 45.h4 f6 46.Qf4 Re4 47.Qb8+ Kh7 48.Qc8 Rxe3 49.Qf5+ Kg8 50.Qc8+ Kf7
51.Qd7+ Re7 52.Qd6 Re4 53.Qd7+ Kg6 54.g4 Rf4+ 55.Ke1 Re4+ 56.Kf2 b4 57.h5+ Kh7
58.Qf5+ Kg8 59.Qc8+ Kf7 60.Qb7+ Kg8 61.Qc8+ Kh7 62.Qf5+ Kh8 63.Qc8+ Bg8 64.Qxc6 Rxg4
65.h6 Rc4 66.hxg7+ Kxg7 67.Qg2+ Kh8 68.Qh1+ Bh7 69.Qa8+ Kg7 70.Qb7+ Kh6 71.Qh1+ Kg6
72.Qg2+ Kh6 73.Qh1+ Kg7 74.Qb7+  1/2-1/2

[Event "POL-ch (Women)"]
[Site "Brzeg Dolny"]
[Date "1996.??.??"]
[Round "10"]
[White "Aksiuczyc, Monika"]
[Black "Kaczorowska, Barbara"]
[Result "1-0"]
[WhiteElo "2120"]
[BlackElo "2200"]

1.c4 c6 2.Nc3 d5 3.d4 Nf6 4.e3 e6 5.Nf3 Bd6 6.Qc2 Nbd7 7.g4 h6 8.Rg1 dxc4
9.Bxc4 Nb6 10.Be2 Qc7 11.h4 Nfd5 12.a3 Bd7 13.Ne4 Be7 14.Bd2 g6 15.Nc5 O-O-O
16.Ba5 Rdf8 17.O-O-O Be8 18.Kb1 Qd8 19.Bc4 Bxh4 20.e4 Nc7 21.d5 exd5 22.exd5 Qf6
23.Nxh4 Nxc4 24.Qxc4 Qxh4 25.Bxc7 Kxc7 26.d6+ Kc8 27.d7+ Bxd7 28.Rxd7 Qxf2
29.Rf1 Qe3 30.Rxb7 f5 31.Qa6  1-0

[Event "Budapest FS06 GM"]
[Site "Budapest"]
[Date "1996.??.??"]
[Round "1"]
[White "Kaabi, Mejdi"]
[Black "Lukacs, Peter"]
[Result "1/2-1/2"]
[WhiteElo "2395"]
[BlackElo "2440"]

1.d4 Nf6 2.c4 e6 3.Nf3 d5 4.Nc3 c6 5.e3 Nbd7 6.Bd3 dxc4 7.Bxc4 b5 8.Bb3 Be7
9.O-O Bb7 10.a3 a5 11.e4 b4 12.e5 bxc3 13.exf6 Nxf6 14.bxc3 O-O 15.Be3 c5
16.Ne5 Qc7 17.Bf4 Bd6 18.Re1 Rfd8 19.Rc1 c4 20.Ba2 Bxa3 21.Rc2 Bd6 22.Qe2 Rac8
23.Bg5 Bd5 24.h4 Be7 25.Bf4 Qb7 26.Rb2 Qa8 27.Nxc4 Qa6 28.Rb6 Bxc4 29.Rxa6 Bxe2
30.Rxe2 Rxc3 31.Rxa5 Rxd4 32.g3 Ra3 33.Rb5 h6 34.Kg2 Rd8 35.Be5 Rda8  1/2-1/2

[Event "Budapest FS08 GM"]
[Site "Budapest"]
[Date "1996.??.??"]
[Round "1"]
[White "Dao Thien Hai"]
[Black "Szabolcsi, Janos"]
[Result "1-0"]
[WhiteElo "2535"]
[BlackElo "2425"]

1.d4 d5 2.c4 c6 3.Nf3 Nf6 4.Nc3 e6 5.e3 Nbd7 6.Qc2 b6 7.Bd3 Bb7 8.O-O Be7
9.b3 O-O 10.Bb2 Rc8 11.Ne5 c5 12.Rad1 g6 13.Qe2 Nxe5 14.dxe5 Nd7 15.cxd5 exd5
16.Ba6 Bxa6 17.Qxa6 d4 18.exd4 cxd4 19.Rxd4 Nc5 20.Rxd8 Nxa6 21.Rd7 Rc7 22.Rfd1 Rfc8
23.h3 Kf8 24.Nb5 Rxd7 25.Rxd7 Rc2 26.Bd4 Nb4 27.Rxa7 Nxa2 28.Ra8+ Kg7 29.e6+ f6
30.Re8 Bb4 31.Rd8 Be7 32.Re8 Bb4 33.Rb8 Be7 34.Rb7 Kf8 35.Rxb6 Nc1 36.Rb8+ Kg7
37.Rb7 Kf8 38.Bxf6 Bxf6 39.Rf7+ Ke8 40.Nd6+ Kd8 41.Rd7+  1-0

[Event "Budapest FS05 GM"]
[Site "Budapest"]
[Date "1996.??.??"]
[Round "2"]
[White "Dao Thien Hai"]
[Black "McDonald, Neil R"]
[Result "0-1"]
[WhiteElo "2560"]
[BlackElo "2450"]

1.d4 d5 2.c4 c6 3.Nf3 Nf6 4.Nc3 e6 5.e3 Nbd7 6.Qc2 Bd6 7.g4 dxc4 8.Bxc4 b6
9.e4 Bb7 10.g5 Nh5 11.Be3 b5 12.Bb3 a5 13.Qd2 O-O 14.Bc2 Nb6 15.Qd3 g6 16.O-O-O Ba6
17.Qd2 Nc4 18.Qe1 a4 19.Kb1 b4 20.Nxa4 Bb5 21.Nc5 Rxa2 22.Kxa2 Qa5+ 23.Kb3 Bxc5
24.Ra1 Nb6  0-1

[Event "EUCup f"]
[Site "Budapest"]
[Date "1996.??.??"]
[Round "2"]
[White "Pinter, Jozsef"]
[Black "Huzman, Alexander"]
[Result "0-1"]
[WhiteElo "2560"]
[BlackElo "2575"]

1.d4 Nf6 2.c4 e6 3.Nf3 d5 4.Nc3 c6 5.e3 Nbd7 6.Bd3 dxc4 7.Bxc4 b5 8.Bd3 a6
9.e4 c5 10.d5 c4 11.Bc2 Qc7 12.O-O Bc5 13.Qe2 Ne5 14.Bf4 Nxf3+ 15.Qxf3 e5
16.Bg5 Qd6 17.b3 cxb3 18.axb3 Bd7 19.Ne2 h6 20.Bd2 O-O 21.h3 Rfc8 22.Ra2 Bb4
23.Bxb4 Qxb4 24.Qd3 a5 25.f4 Re8 26.Qf3 Rac8 27.Kh1 a4 28.bxa4 bxa4 29.Bd3 Qd6
30.Bc2 Rc4 31.Bd3 Rb4 32.f5 Qb6 33.Rfa1 Rc8 34.Bc2 Rcc4 35.Bd3 Rc8 36.Bc2 Rb2
37.Bd3 Rb3 38.Nc1 Rbc3 39.Ne2 Rb3 40.Nc1 Rb4 41.Ne2 Rc7 42.Kh2 Rb3 43.Nc1 Rb2
44.Rxb2 Qxb2 45.Rb1 Qd4 46.Ne2 Qc5 47.Qg3 Qa3 48.Rb6 Ne8 49.f6 Qc5 50.Rb8 Rc8
51.Rxc8 Qxc8 52.Qxe5 gxf6 53.Qg3+ Kf8 54.Qe3 Qc7+ 55.Kg1 Kg7 56.Bb1 Qe5 57.Bc2 Qb2
58.Qc3 a3 59.Qxb2 axb2 60.Nc3 Nd6 61.Kf2 f5 62.e5 Nc4 63.Bb1 Nxe5 64.Ke3 Nc4+
65.Kd4 Nd2 66.Bc2 f4 67.Ke5 f3 68.gxf3 Bxh3 69.f4 h5 70.f5 h4 71.d6 Nc4+
72.Kd5 Nxd6 73.Kxd6 Bg2 74.Ke5 h3 75.Ne2 h2 76.Ng3 f6+ 77.Kf4 Kh6 78.Bb1 h1=Q
79.Nxh1 Bxh1 80.Kg4 Bd5 81.Kf4 Bc6 82.Kg4 Bg2 83.Kg3 Bc6 84.Kg4 Bb7 85.Kh4 Bf3
86.Kg3 Bd1 87.Kf4 Kh5 88.Ke3 Kg5 89.Kd2 Bg4  0-1

[Event "Budapest FS08 IM"]
[Site "Budapest"]
[Date "1996.??.??"]
[Round "3"]
[White "Lamprecht, Mark"]
[Black "Kaeser, Udo"]
[Result "1/2-1/2"]
[WhiteElo "2210"]
[BlackElo "2275"]

1.c4 e6 2.Nc3 d5 3.e3 c6 4.Nf3 Nf6 5.d4 Nbd7 6.Be2 dxc4 7.Bxc4 b5 8.Bd3 a6
9.O-O c5 10.b3 Bb7 11.Bb2 Be7 12.Rc1 O-O 13.Qe2 cxd4 14.Nxd4 Nc5 15.Bb1 b4
16.Na4 Nxa4 17.bxa4 Rc8 18.Rxc8 Qxc8 19.h3 Qd7 20.Rc1 Rc8 21.Rxc8+ Qxc8 22.Qc2 Qxc2
23.Bxc2 Nd7 24.Nb3 Nc5 25.Bd4 Nxb3  1/2-1/2

[Event "Budapest FS04 IM"]
[Site "Budapest"]
[Date "1996.??.??"]
[Round "4"]
[White "Seres, Lajos"]
[Black "Volodin, Viktor"]
[Result "1-0"]
[WhiteElo "2440"]
[BlackElo "2325"]

1.d4 d5 2.c4 e6 3.Nf3 Nf6 4.Nc3 c6 5.e3 Nbd7 6.Bd3 dxc4 7.Bxc4 b5 8.Bd3 Bb7
9.e4 b4 10.Na4 c5 11.e5 Nd5 12.Nxc5 Nxc5 13.dxc5 Bxc5 14.O-O h6 15.Nd2 O-O
16.Ne4 Be7 17.Qg4 Qc7 18.Nd6 Bxd6 19.exd6 Qxd6 20.Bxh6 Qe5 21.Rae1 Qxb2 22.Qg3 Qf6
23.Bg5 Qc3 24.Re5 f6 25.Bh6 Qc7 26.Qg6 f5 27.Qxe6+ Qf7 28.Qxf7+ Rxf7 29.Bg5 g6
30.Bc4  1-0

[Event "Budapest FS03 IM"]
[Site "Budapest"]
[Date "1996.??.??"]
[Round "5"]
[White "Bors, Tamas"]
[Black "Shovunov, Baatr"]
[Result "0-1"]
[WhiteElo "2150"]
[BlackElo "2300"]

1.c4 c6 2.Nf3 d5 3.e3 Nf6 4.Nc3 e6 5.d4 Nbd7 6.Bd3 dxc4 7.Bxc4 b5 8.Bd3 Bb7
9.O-O a6 10.Qe2 c5 11.Rd1 Qc7 12.a3 Bd6 13.dxc5 Bxc5 14.h3 Be7 15.e4 O-O
16.Bg5 h6 17.Bh4 Nc5 18.Bc2 Nh5 19.Bxe7 Qxe7 20.b4 Nd7 21.Qd3 Rfd8 22.e5 g6
23.Qe3 Bxf3 24.Qxf3 Nxe5 25.Qe3 Qg5 26.Qxg5 hxg5 27.Be4 Rxd1+ 28.Rxd1 Rc8
29.Nb1 Rc7 30.Nd2 Nf6 31.f3 Rd7 32.Bc2 Rd4 33.Kf2 Nd5 34.Nb1 Rc4 35.Bb3 Rc1
36.Rxc1 Nd3+ 37.Kf1 Nxc1 38.Bxd5 exd5 39.Kf2 d4 40.g3 Kg7 41.Ke1 Nd3+ 42.Ke2 Nb2
43.Nd2 Kf6 44.Ne4+ Ke5 45.Nc5 f5 46.Kd2 Nc4+ 47.Kd3 Kd5 48.Nxa6 Ne5+ 49.Ke2 d3+
50.Ke3 f4+ 51.gxf4 gxf4+ 52.Kf2 Kc4 53.Nc7 Nc6 54.Ne6 Kb3 55.Nxf4 d2  0-1

[Event "Elekes mem"]
[Site "Budapest"]
[Date "1996.??.??"]
[Round "5"]
[White "Gabriel, Christian"]
[Black "McDonald, Neil R"]
[Result "1-0"]
[WhiteElo "2510"]
[BlackElo "2450"]

1.d4 d5 2.c4 c6 3.Nf3 Nf6 4.Nc3 e6 5.e3 Nbd7 6.Bd3 Bd6 7.O-O b6 8.e4 dxe4
9.Nxe4 Nxe4 10.Bxe4 Bb7 11.Re1 O-O 12.Qc2 g6 13.b3 Nf6 14.Bb2 Nxe4 15.Qxe4 Qf6
16.Qc2 Rfe8 17.c5 Bf4 18.d5 e5 19.d6 Rad8 20.b4 bxc5 21.bxc5 Bc8 22.Qe4 Qg7
23.g3 Bh6 24.Qxc6 f6 25.Qa4 Be6 26.Ba3 Bd5 27.c6 Kh8 28.Nh4 Qf7 29.d7 Rg8
30.Rad1 Be6 31.Bb4 Bg4 32.Ba5  1-0